000 01999nam0a2200385 4500
001 RU\NLR\BIBL_A\012844366
005 20220926114817.0
010 _a978-5-04-123114-9
_95000
021 _aRU
_bКН-П-22-027635
_9КН-П-22-2372
035 _a(NLR Aleph) 012844366
035 _a(RuMoRGB)011057637
090 _a12406041
_c12406041
100 _a20220708d2021 u y0rusy50 ca
101 0 _arus
102 _aRU
105 _aa z 000ay
181 0 _ai3
_baxxe
182 0 _an
200 1 _aДорога на две улицы
_fМария Метлицкая
203 _aТекст
_bвизуальный
_cнепосредственный
210 _aМосква
_cЭксмо
_d2021
215 _a349, [1] с.
_cил.
_d22
225 1 _aНегромкие люди Марии Метлицкой
225 1 _aПроза разных лет
320 _aДр. кн. авт.: с. 2
330 _aЕсли бы у Елены Лукониной спросили, счастлива ли ее семья, она вряд ли смогла бы однозначно ответить на этот вопрос. Счастье и горе, печаль и веселье всегда шли в ее жизни рука об руку. Елена, как могла, оберегала своих родных от несчастий - мирила, утешала, помогала пережить потери. Еще в молодости она поняла: всегда есть выбор. Жизнь подобна перекрестку, и только в конце пути станет понятно, по той ли улице ты пошел
333 _a16+
675 _a821.161.1-31
_v4
686 2 _aШ6(2=Р)8-440.4
700 1 _7ca
_8rus
_aМетлицкая
_bМ.
_f1959-
_gМария
_92697373
_3RU\NLR\AUTH\770290045
942 _cBOOK
980 _aNB